[Event "LII Festival A"]
[Site "Imperia ITA"]
[Date "2010.09.01"]
[Round "4"]
[White "Carosso, Andrea"]
[Black "Formento, Paolo"]
[WhiteElo "2032"]
[BlackElo "1904"]
[Result "1-0"]
[PlyCount "61"]
[EventDate "2010.08.29"]

1. d4 d5 2. Bg5 h6 3. Bh4 c6 4. c3 Qb6 5. Qb3 Bf5 6. Nd2 Nd7 7. Ngf3 Ngf6 8. e3
g5 9. Bg3 c5 10. dxc5 Qxb3 11. Nxb3 e6 12. Nfd4 Bxc5 13. Nxf5 exf5 14. Bd3 Ne4
15. O-O-O Nxg3 16. hxg3 f4 17. Nxc5 Nxc5 18. Bb5+ Kf8 19. Rxd5 Ne4 20. gxf4
Nxf2 21. Rh5 Ng4 22. fxg5 a6 23. Ba4 Nxe3 24. Rd7 Nxg2 25. Bb3 Kg7 26. Rxf7+
Kg6 27. Rxh6+ Rxh6 28. gxh6 Kxh6 29. Rxb7 Kg6 30. Rb6+ Kf5 31. Bd5 1-0

[Event "LII Festival A"]
[Site "Imperia ITA"]
[Date "2010.09.01"]
[Round "4"]
[White "Cornaggia, Ranieri"]
[Black "Luciani, Valerio"]
[WhiteElo "1994"]
[BlackElo "2210"]
[Result "0-1"]
[PlyCount "64"]
[EventDate "2010.08.29"]

1. e4 c5 2. Nf3 d6 3. d4 cxd4 4. Nxd4 Nf6 5. Nc3 a6 6. Be3 e5 7. Nb3 Be7 8. f3
Be6 9. Qd2 Nbd7 10. O-O-O h5 11. h4 b5 12. Qf2 Qc7 13. Kb1 b4 14. Nd5 Nxd5 15.
exd5 Bf5 16. Bd3 Bxd3 17. Rxd3 a5 18. Nd2 f5 19. Qg3 Kf7 20. Bg5 Nc5 21. Re3 f4
22. Bxf4 exf4 23. Qxf4+ Bf6 24. Nc4 Rhd8 25. g4 Kg8 26. gxh5 Rf8 27. Qg3 Na4
28. Nxd6 Rac8 29. Re2 Nc3+ 30. bxc3 Qxc3 31. Kc1 Rc5 32. Rg1 Rxd5 0-1

[Event "LII Festival A"]
[Site "Imperia ITA"]
[Date "2010.09.01"]
[Round "4"]
[White "De Marco, Walter"]
[Black "Pesce, Gabriele"]
[WhiteElo "1900"]
[BlackElo "2174"]
[Result "0-1"]
[PlyCount "82"]
[EventDate "2010.08.29"]

1. g3 Nf6 2. Bg2 g6 3. d3 Bg7 4. Nc3 d5 5. Bd2 d4 6. Ne4 Nxe4 7. dxe4 c5 8. f4
e5 9. fxe5 Nc6 10. Nf3 Nxe5 11. O-O O-O 12. Nxe5 Bxe5 13. Bf4 Qe7 14. Qd3 Rd8
15. Rad1 Bg4 16. h3 Bd7 17. Qf3 Bg7 18. Qd3 Bc6 19. Rf2 Rd7 20. Rdf1 Re8 21.
Qc4 b5 22. Qb3 c4 23. Qa3 Qxa3 24. bxa3 Bxe4 25. Bg5 Bxg2 26. Kxg2 Rd5 27. Bd2
f5 28. Bb4 Rde5 29. Kf3 Re3+ 30. Kg2 Rxe2 31. Bc5 a6 32. Rd1 R8e3 33. g4 Rxf2+
34. Kxf2 Rxh3 35. gxf5 gxf5 36. Bxd4 Bxd4+ 37. Rxd4 Rh2+ 38. Ke3 Rxc2 39. Rd8+
Kf7 40. Rd7+ Ke6 41. Ra7 Rc3+ 0-1

[Event "LII Festival A"]
[Site "Imperia ITA"]
[Date "2010.09.01"]
[Round "4"]
[White "Del Dotto, Riccardo"]
[Black "Tomassoni, Leonardo"]
[WhiteElo "2182"]
[BlackElo "1935"]
[Result "1-0"]
[PlyCount "73"]
[EventDate "2010.08.29"]

1. e4 c5 2. Nc3 d6 3. g3 Nc6 4. Bg2 Nf6 5. h3 g6 6. d3 Bg7 7. Be3 a6 8. Nge2 e5
9. O-O h5 10. f4 h4 11. fxe5 Nxe5 12. Bg5 Be6 13. gxh4 Ned7 14. e5 dxe5 15. Ne4
O-O 16. N2g3 c4 17. Kh2 cxd3 18. cxd3 Rc8 19. Qf3 Bd5 20. Bxf6 Nxf6 21. Nxf6+
Bxf6 22. Qxd5 Bxh4 23. Qxd8 Rcxd8 24. Rad1 b6 25. Rfe1 f6 26. Re4 Bg5 27. Ne2
Bh6 28. d4 exd4 29. Rexd4 Rde8 30. Nc3 a5 31. Rd7 f5 32. Rb7 Bf4+ 33. Kh1 Bg3
34. Rxb6 f4 35. Bf3 Re3 36. Kg2 Kg7 37. Rdd6 1-0

[Event "LII Festival A"]
[Site "Imperia ITA"]
[Date "2010.09.01"]
[Round "4"]
[White "Faraci, Antonino"]
[Black "Dritsakos, Alessio"]
[WhiteElo "1973"]
[BlackElo "1930"]
[Result "1-0"]
[PlyCount "53"]
[EventDate "2010.08.29"]

1. e4 e5 2. Nf3 Nc6 3. Bb5 a6 4. Ba4 Nf6 5. O-O Be7 6. Qe2 b5 7. Bb3 O-O 8. c3
d6 9. h3 Be6 10. Bc2 Nd7 11. b3 Na5 12. d4 f5 13. exf5 Bxf5 14. Bxf5 Rxf5 15.
g4 Rf6 16. Nbd2 exd4 17. Nxd4 d5 18. Ne6 Qc8 19. Nxg7 Qf8 20. Nf5 Rxf5 21. gxf5
Kh8 22. Bb2 Qxf5 23. c4+ Nf6 24. Qxe7 Rg8+ 25. Kh2 Qf4+ 26. Kh1 d4 27. Rg1 1-0

[Event "LII Festival A"]
[Site "Imperia ITA"]
[Date "2010.09.01"]
[Round "4"]
[White "Ingerl, Florian"]
[Black "Mercandelli, Claudio"]
[WhiteElo "1963"]
[BlackElo "1903"]
[Result "1-0"]
[PlyCount "97"]
[EventDate "2010.08.29"]

1. c4 e5 2. g3 g6 3. Bg2 Bg7 4. Nc3 Nc6 5. d3 Nge7 6. e4 d6 7. Nge2 O-O 8. O-O
Be6 9. Nd5 f5 10. Be3 Qd7 11. f3 Nd8 12. Qd2 c5 13. b4 b6 14. Rab1 cxb4 15.
Qxb4 Ndc6 16. Qb5 Rab8 17. a4 Rfd8 18. Rfc1 Kf7 19. f4 Bxd5 20. cxd5 Nd4 21.
Nxd4 exd4 22. Qxd7 Rxd7 23. Bf2 b5 24. Rxb5 Rxb5 25. axb5 Rb7 26. Rc4 Rxb5 27.
Bxd4 Bxd4+ 28. Rxd4 Kf6 29. Ra4 a5 30. Bf1 fxe4 31. dxe4 Rc5 32. Ba6 h6 33. h4
g5 34. h5 gxf4 35. gxf4 Nxd5 36. exd5 Rxd5 37. Be2 Kf5 38. Kf2 Rc5 39. Kg3 Rc3+
40. Bf3 Rc5 41. Bg4+ Kf6 42. Re4 Rd5 43. Re6+ Kg7 44. Rg6+ Kh7 45. f5 a4 46. f6
Ra5 47. f7 Ra8 48. Bf5 Kh8 49. Be6 1-0

[Event "LII Festival A"]
[Site "Imperia ITA"]
[Date "2010.09.01"]
[Round "4"]
[White "Mela, Riccardo"]
[Black "Blasco, Domenico"]
[WhiteElo "2017"]
[BlackElo "1961"]
[Result "1-0"]
[PlyCount "91"]
[EventDate "2010.08.29"]

1. e4 g6 2. d4 Bg7 3. Nf3 d6 4. c4 c5 5. Be2 Qb6 6. Nc3 cxd4 7. Nd5 Qa5+ 8. b4
Qd8 9. Nxd4 e6 10. Ne3 Nf6 11. f3 O-O 12. Rb1 Nh5 13. Nec2 Qh4+ 14. Kd2 Nc6 15.
Nxc6 bxc6 16. g3 Qe7 17. Bb2 e5 18. Ke1 f5 19. Qd3 fxe4 20. fxe4 Be6 21. Rd1
Rad8 22. Ne3 Bh3 23. Bg4 Bxg4 24. Nxg4 Qg5 25. Qe2 Nf6 26. Nxf6+ Rxf6 27. Bc1
Qh5 28. Qxh5 gxh5 29. Bg5 Rff8 30. Bxd8 Rxd8 31. Ke2 Bf8 32. c5 d5 33. Rhf1 d4
34. Kd3 Ra8 35. a3 a5 36. Ra1 axb4 37. axb4 Rb8 38. Kc4 Bh6 39. Rf6 Bg5 40.
Rxc6 d3 41. Rd6 d2 42. b5 Be3 43. Rd1 Kf7 44. R1xd2 Bxd2 45. Rxd2 Ra8 46. b6
1-0

[Event "LII Festival A"]
[Site "Imperia ITA"]
[Date "2010.09.01"]
[Round "4"]
[White "Miturova, Magdalena"]
[Black "Krouzel, Jaroslav"]
[WhiteElo "2086"]
[BlackElo "2224"]
[Result "1/2-1/2"]
[PlyCount "46"]
[EventDate "2010.08.29"]

1. e4 e6 2. d4 d5 3. Nd2 Nc6 4. Ngf3 Nf6 5. e5 Nd7 6. Bb5 a6 7. Bxc6 bxc6 8.
Nb3 a5 9. Bd2 a4 10. Na5 Nb8 11. O-O c5 12. dxc5 Bxc5 13. b4 Bb6 14. Ng5 h6 15.
Qh5 Qe7 16. Rfe1 Bxa5 17. bxa5 Nc6 18. Nf3 Nxa5 19. Qg4 Nc4 20. Qxg7 Qf8 21.
Qxf8+ Kxf8 22. Bb4+ Ke8 23. Nd2 Ba6 1/2-1/2

[Event "LII Festival A"]
[Site "Imperia ITA"]
[Date "2010.09.01"]
[Round "4"]
[White "Morandi, Daniele"]
[Black "Cavatorta, Fosco"]
[WhiteElo "1958"]
[BlackElo "1965"]
[Result "1/2-1/2"]
[PlyCount "73"]
[EventDate "2010.08.29"]

1. e4 d6 2. d4 Nf6 3. f3 e5 4. d5 Be7 5. Bb5+ c6 6. dxc6 bxc6 7. Bc4 O-O 8. Be3
d5 9. exd5 cxd5 10. Bb3 a5 11. c3 Ba6 12. Ne2 a4 13. Bc2 d4 14. cxd4 Bb4+ 15.
Kf2 Bxe2 16. Kxe2 exd4 17. Qxd4 Qxd4 18. Bxd4 Re8+ 19. Kf2 Nc6 20. Bxf6 gxf6
21. Nc3 a3 22. Ne4 Kg7 23. bxa3 Rxa3 24. g4 Nd4 25. Bb3 Nxb3 26. axb3 Rxb3 27.
Rab1 Rxb1 28. Rxb1 Ba3 29. Kg3 Re6 30. Kf4 Kg6 31. h4 h6 32. h5+ Kg7 33. Kf5
Re5+ 34. Kf4 Re6 35. Kf5 Re5+ 36. Kf4 Re6 37. Kf5 1/2-1/2

[Event "LII Festival A"]
[Site "Imperia ITA"]
[Date "2010.09.01"]
[Round "4"]
[White "Payen, Arnaud"]
[Black "Jurek, Josef"]
[WhiteElo "2372"]
[BlackElo "2352"]
[Result "1-0"]
[PlyCount "63"]
[EventDate "2010.08.29"]

1. Nf3 Nf6 2. c4 b6 3. g3 c5 4. Bg2 Bb7 5. O-O e6 6. Nc3 Be7 7. d4 cxd4 8. Qxd4
d6 9. b3 Nbd7 10. Nb5 Nc5 11. Rd1 Nfe4 12. Qxg7 Bf6 13. Qh6 Bxa1 14. Ng5 Be5
15. b4 a6 16. bxc5 Nxc5 17. f4 axb5 18. fxe5 Bxg2 19. Qg7 Rf8 20. Nxh7 Nd7 21.
Nxf8 Nxe5 22. Bg5 Qc8 23. Nh7 Qc5+ 24. Kxg2 Kd7 25. Kh3 Rxa2 26. Nf6+ Kc7 27.
Ne8+ Kb8 28. Nxd6 bxc4 29. Qf8+ Ka7 30. Qe7+ Ka6 31. Qb7+ Ka5 32. Qa7+ 1-0

[Event "LII Festival A"]
[Site "Imperia ITA"]
[Date "2010.09.01"]
[Round "4"]
[White "Pienabarca, Nicola"]
[Black "Zach, Andreas"]
[WhiteElo "2068"]
[BlackElo "2314"]
[Result "0-1"]
[PlyCount "62"]
[EventDate "2010.08.29"]

1. d4 d5 2. Nf3 c6 3. c4 Nf6 4. e3 Bf5 5. Nc3 e6 6. Nh4 Be4 7. f3 Bg6 8. Qb3
Qb6 9. Nxg6 hxg6 10. Bd2 Nbd7 11. O-O-O Be7 12. Be2 O-O-O 13. Qxb6 axb6 14.
cxd5 exd5 15. e4 Nf8 16. e5 N6d7 17. f4 Ne6 18. Be3 f5 19. g4 Rh3 20. Kd2 Rdh8
21. g5 Rxh2 22. Rxh2 Rxh2 23. Rf1 b5 24. a3 Nb6 25. Kc1 Nc4 26. Bxc4 bxc4 27.
Re1 Rh3 28. Kd2 Bd8 29. Rf1 Bb6 30. Ne2 Ba5+ 31. Nc3 c5 0-1

[Event "LII Festival A"]
[Site "Imperia ITA"]
[Date "2010.09.01"]
[Round "4"]
[White "Platino, Maurizio"]
[Black "Curtacci, Sergio"]
[WhiteElo "1918"]
[BlackElo "1999"]
[Result "1/2-1/2"]
[PlyCount "65"]
[EventDate "2010.08.29"]

1. d4 d5 2. c4 e6 3. Nc3 f5 4. Nf3 Nf6 5. g3 c6 6. cxd5 exd5 7. Bg2 Bd6 8. O-O
Nbd7 9. Nh4 g6 10. Bh6 Kf7 11. Nf3 Re8 12. h3 Kg8 13. e3 Qe7 14. Ne2 Ne4 15.
Bf4 b6 16. Bxd6 Qxd6 17. Qa4 Bb7 18. Rac1 a5 19. Rfd1 Qb4 20. Qc2 a4 21. a3 Qa5
22. Nf4 Rac8 23. Nd3 c5 24. dxc5 Ndxc5 25. Qb1 Nb3 26. Rxc8 Rxc8 27. Nb4 Qc5
28. Qd3 Nc1 29. Qf1 Nb3 30. Qd3 Rc7 31. Bf1 Qc4 32. Qb1 Qc5 33. Qd3 1/2-1/2

[Event "LII Festival A"]
[Site "Imperia ITA"]
[Date "2010.09.01"]
[Round "4"]
[White "Poloch, Petr"]
[Black "Mirzoev, Azer"]
[WhiteElo "2268"]
[BlackElo "2541"]
[Result "0-1"]
[PlyCount "90"]
[EventDate "2010.08.29"]

1. c4 e6 2. Nc3 d5 3. e3 Nf6 4. Nf3 c6 5. b3 Nbd7 6. Qc2 Bd6 7. Bb2 O-O 8. d4
Qe7 9. Be2 dxc4 10. Bxc4 e5 11. dxe5 Nxe5 12. Nxe5 Bxe5 13. h3 Bc7 14. Rd1 Re8
15. Be2 Qc5 16. a3 Qg5 17. Bf3 Bf5 18. Qc1 Rad8 19. Rxd8 Rxd8 20. Ne2 Qg6 21.
b4 Nd7 22. h4 Ne5 23. Bxe5 Bxe5 24. O-O Qd6 25. g3 Bh3 26. Re1 Qd2 27. Nf4 Bf5
28. Qxd2 Rxd2 29. Rd1 Rxd1+ 30. Bxd1 Bb2 31. a4 a6 32. Be2 Kf8 33. b5 cxb5 34.
axb5 a5 35. Bc4 a4 36. Ba2 Ke7 37. Kf1 Bd7 38. b6 Be5 39. Nd5+ Kd6 40. Ke2 Kc5
41. f4 Bb2 42. Kd3 Be6 43. e4 Bd4 44. f5 Bd7 45. g4 Bb5+ 0-1

[Event "LII Festival A"]
[Site "Imperia ITA"]
[Date "2010.09.01"]
[Round "4"]
[White "Van der Borck, Alexis"]
[Black "Cugini, Verter"]
[WhiteElo "1928"]
[BlackElo "2122"]
[Result "1/2-1/2"]
[PlyCount "86"]
[EventDate "2010.08.29"]

1. e4 e6 2. d4 d5 3. Nc3 Nf6 4. Bg5 Bb4 5. e5 h6 6. exf6 hxg5 7. fxg7 Rg8 8.
Nf3 Qf6 9. h4 gxh4 10. Rxh4 Qxg7 11. Qd3 Rh8 12. Rxh8+ Qxh8 13. O-O-O c6 14. g3
b6 15. Ne5 Bd6 16. Bg2 Ba6 17. Qe3 Bxe5 18. Rh1 Qg7 19. Qxe5 Qxe5 20. dxe5 Nd7
21. Rh8+ Nf8 22. f4 O-O-O 23. Bf3 Ng6 24. Rxd8+ Kxd8 25. Bh5 Nh8 26. Kd2 Ke7
27. Ke3 f5 28. Nd1 Nf7 29. Bxf7 Kxf7 30. Nf2 Bf1 31. b4 c5 32. a3 Ke7 33. c3
Kd7 34. g4 fxg4 35. Nxg4 Bh3 36. Nf6+ Kc6 37. a4 b5 38. a5 Bf1 39. Ne8 d4+ 40.
cxd4 cxb4 41. Kd2 Bc4 42. Nf6 Kc7 43. Kc2 Kc6 1/2-1/2

[Event "LII Festival A"]
[Site "Imperia ITA"]
[Date "2010.09.01"]
[Round "5"]
[White "Cugini, Verter"]
[Black "Cornaggia, Ranieri"]
[WhiteElo "2122"]
[BlackElo "1994"]
[Result "0-1"]
[PlyCount "52"]
[EventDate "2010.08.29"]

1. e4 e5 2. Nf3 Nc6 3. d4 exd4 4. Nxd4 Bc5 5. Be3 Qf6 6. c3 Nge7 7. g3 d6 8.
Bg2 Bd7 9. O-O Bb6 10. Na3 Ne5 11. h3 Qg6 12. Qe2 h5 13. f4 N5c6 14. Kh2 O-O-O
15. Nc4 f5 16. e5 h4 17. gxh4 dxe5 18. Nxc6 Nxc6 19. Bxb6 axb6 20. Bxc6 Bxc6
21. Nxe5 Qe6 22. c4 Rxh4 23. Rad1 Rdh8 24. Rd3 g5 25. Ra3 Rxh3+ 26. Rxh3 Rxh3+
0-1

[Event "LII Festival A"]
[Site "Imperia ITA"]
[Date "2010.09.01"]
[Round "5"]
[White "Curtacci, Sergio"]
[Black "Van der Borck, Alexis"]
[WhiteElo "1999"]
[BlackElo "1928"]
[Result "1-0"]
[PlyCount "65"]
[EventDate "2010.08.29"]

1. d4 d5 2. Nf3 e6 3. e3 c5 4. c3 Nf6 5. Bd3 Nc6 6. Nbd2 Be7 7. O-O O-O 8. Qe2
b6 9. dxc5 Bxc5 10. e4 e5 11. exd5 Qxd5 12. Bc4 Qd8 13. Ne4 Be7 14. Bg5 Nxe4
15. Qxe4 Bb7 16. Rfd1 Qc7 17. Bxe7 Qxe7 18. Bd5 Rac8 19. Nxe5 Rfe8 20. Nxc6
Qxe4 21. Bxe4 Rxe4 22. Nd4 Rce8 23. f3 R4e5 24. Kf2 f6 25. Rd2 Kf7 26. Rad1 Kg6
27. c4 Rh5 28. h3 Ra5 29. b3 Rae5 30. Nb5 Bc6 31. Nxa7 Bb7 32. Nb5 Ba6 33. Nc7
1-0

[Event "LII Festival A"]
[Site "Imperia ITA"]
[Date "2010.09.01"]
[Round "5"]
[White "Di Lascio, Savino"]
[Black "Cavatorta, Fosco"]
[WhiteElo "1910"]
[BlackElo "1965"]
[Result "0-1"]
[PlyCount "100"]
[EventDate "2010.08.29"]

1. e4 d6 2. d4 Nf6 3. Nc3 Nbd7 4. Nf3 e5 5. Bc4 Be7 6. O-O h6 7. Qe2 c6 8. a4
Qc7 9. Rd1 g5 10. Be3 Rg8 11. Bb3 Nf8 12. Qc4 Ne6 13. dxe5 dxe5 14. Rd2 Ng4 15.
Rad1 Nxe3 16. fxe3 g4 17. Ne1 Bg5 18. Kh1 Bxe3 19. Rd8+ Nxd8 20. Nd5 Qd6 21.
Nxe3 Qf6 22. Qe2 h5 23. c3 Be6 24. Rd6 Qe7 25. Rxe6 Nxe6 26. Nf5 Qd7 27. Nd3
Nf4 28. Nxf4 exf4 29. Qf2 O-O-O 30. Qxa7 Qd1+ 31. Bxd1 Rxd1+ 32. Qg1 Rxg1+ 33.
Kxg1 Kd7 34. g3 f3 35. Kf2 Ke6 36. Ke3 c5 37. h4 Ke5 38. b4 Ra8 39. a5 cxb4 40.
cxb4 Rc8 41. Ng7 Rc3+ 42. Kf2 Kxe4 43. b5 Rc2+ 44. Kf1 Ra2 45. a6 bxa6 46. bxa6
Rxa6 47. Ke1 Ra5 48. Kf2 Re5 49. Kf1 Kd4 50. Kf2 Kd3 0-1

[Event "LII Festival A"]
[Site "Imperia ITA"]
[Date "2010.09.01"]
[Round "5"]
[White "Dolezal, Radoslav jr"]
[Black "Miturova, Magdalena"]
[WhiteElo "2416"]
[BlackElo "2086"]
[Result "1-0"]
[PlyCount "77"]
[EventDate "2010.08.29"]

1. d4 Nf6 2. Nf3 g6 3. c4 Bg7 4. g3 O-O 5. Bg2 d6 6. O-O Nc6 7. Nc3 Bf5 8. Nh4
Bg4 9. h3 Bd7 10. Kh2 Rb8 11. Be3 a6 12. Rc1 e5 13. dxe5 Nxe5 14. b3 Bc6 15.
Nd5 Nh5 16. Qd2 f5 17. Bg5 Nf6 18. Rfd1 Nf7 19. Be3 Rc8 20. Bd4 Ne8 21. Nf3 Ne5
22. Ne1 g5 23. e3 Bxd5 24. Bxd5+ Kh8 25. Bxb7 Rb8 26. Bg2 g4 27. f4 gxh3 28.
Bxh3 Ng4+ 29. Bxg4 fxg4 30. Ng2 Rf5 31. Nh4 Rh5 32. Kg2 Nf6 33. Rh1 Qe8 34. Kg1
Qc6 35. Qb2 Rf8 36. Rc2 Rf7 37. Rch2 Ne4 38. Bxg7+ Rxg7 39. Nf5 1-0

[Event "LII Festival A"]
[Site "Imperia ITA"]
[Date "2010.09.01"]
[Round "5"]
[White "Formento, Paolo"]
[Black "Morandi, Daniele"]
[WhiteElo "1904"]
[BlackElo "1958"]
[Result "1/2-1/2"]
[PlyCount "146"]
[EventDate "2010.08.29"]

1. e4 e5 2. Nf3 Nc6 3. Bc4 Bc5 4. O-O d6 5. h3 Be6 6. Qe2 Nf6 7. c3 O-O 8. b4
Bxc4 9. Qxc4 Bb6 10. a4 a6 11. d3 d5 12. exd5 Qxd5 13. Be3 Rfd8 14. Bxb6 cxb6
15. Na3 Qxd3 16. Rad1 Qxc4 17. Nxc4 e4 18. Nxb6 exf3 19. Nxa8 Rxa8 20. gxf3 Kf8
21. Rfe1 Re8 22. Rxe8+ Kxe8 23. b5 axb5 24. axb5 Na5 25. Kf1 Ke7 26. Ke2 Nd7
27. Ke3 Ke6 28. Kd4 f6 29. Re1+ Ne5 30. Kc5 Kd7 31. Rd1+ Kc8 32. f4 Ng6 33. Kb4
b6 34. Rd4 Kc7 35. Re4 Kd7 36. Rd4+ Kc7 37. c4 Nb7 38. Kc3 Nc5 39. f5 Ne5 40.
f4 Nf3 41. Rd1 Ne4+ 42. Kb4 Nh4 43. Re1 Nc5 44. Re7+ Nd7 45. Rxg7 h6 46. Kc3
Nxf5 47. Rh7 Kd6 48. Kd3 Nc5+ 49. Ke2 Ne6 50. Kf3 Kc5 51. Rf7 Nfd4+ 52. Ke4 f5+
53. Ke5 Kxc4 54. Rf6 Kxb5 55. Rxh6 Kc4 56. Rh8 b5 57. h4 b4 58. h5 b3 59. Rc8+
Kd3 60. Rc1 Nxf4 61. h6 b2 62. Rb1 Kc2 63. Rxb2+ Kxb2 64. Kxf4 Ne6+ 65. Kxf5
Nf8 66. Kf6 Nh7+ 67. Kg7 Ng5 68. Kf6 Nh7+ 69. Kg6 Nf8+ 70. Kf7 Nh7 71. Kg8 Ng5
72. Kg7 Ne6+ 73. Kg8 Ng5 1/2-1/2

[Event "LII Festival A"]
[Site "Imperia ITA"]
[Date "2010.09.01"]
[Round "5"]
[White "Jurek, Josef"]
[Black "Sanchez, Joseph"]
[WhiteElo "2352"]
[BlackElo "2479"]
[Result "1/2-1/2"]
[PlyCount "69"]
[EventDate "2010.08.29"]

1. Nf3 d5 2. g3 c6 3. Bg2 Nf6 4. b3 Bg4 5. Bb2 Nbd7 6. O-O e6 7. d3 Bc5 8. Nbd2
O-O 9. h3 Bh5 10. Qe1 a5 11. a3 Qc7 12. d4 Be7 13. e4 dxe4 14. Nxe4 Rad8 15.
Rd1 Rfe8 16. c4 c5 17. Nxf6+ Nxf6 18. dxc5 Rxd1 19. Qxd1 Bxc5 20. g4 Bg6 21.
Ne5 Be4 22. Qe2 Bxg2 23. Kxg2 h6 24. Rd1 Rd8 25. Rxd8+ Qxd8 26. Qf3 Qb6 27. Nd3
Bd4 28. c5 Bxc5 29. Nxc5 Qxc5 30. Bxf6 gxf6 31. Qxf6 Qxa3 32. Qd8+ Kg7 33. Qd4+
Kg8 34. Qd8+ Kg7 35. Qd4+ 1/2-1/2

[Event "LII Festival A"]
[Site "Imperia ITA"]
[Date "2010.09.01"]
[Round "5"]
[White "Luciani, Valerio"]
[Black "Faraci, Antonino"]
[WhiteElo "2210"]
[BlackElo "1973"]
[Result "1-0"]
[PlyCount "69"]
[EventDate "2010.08.29"]

1. d4 c5 2. d5 d6 3. c4 g6 4. Nc3 Bg7 5. e4 Nh6 6. Bd3 f6 7. f4 Nf7 8. Nf3 Na6
9. O-O O-O 10. Bd2 Nc7 11. Qc2 Rb8 12. Rad1 a6 13. a4 Bd7 14. Rfe1 b5 15. axb5
axb5 16. cxb5 Nxb5 17. Bxb5 Bxb5 18. Nxb5 Rxb5 19. Bc3 Qb8 20. Qe2 Rb7 21. Qc4
Kh8 22. Re2 Qc7 23. h4 Qd7 24. e5 Qg4 25. exf6 exf6 26. Qa6 Rd7 27. Rf1 h6 28.
Qd3 Nd8 29. Nh2 c4 30. Qe4 Qxh4 31. Qxg6 f5 32. Re8 Kg8 33. Rfe1 Rdf7 34. Rxf8+
Kxf8 35. Bxg7+ 1-0

[Event "LII Festival A"]
[Site "Imperia ITA"]
[Date "2010.09.01"]
[Round "5"]
[White "Mercandelli, Claudio"]
[Black "Mela, Riccardo"]
[WhiteElo "1903"]
[BlackElo "2017"]
[Result "1/2-1/2"]
[PlyCount "63"]
[EventDate "2010.08.29"]

1. Nf3 Nf6 2. c4 d6 3. g3 g6 4. Bg2 Bg7 5. O-O e5 6. d3 O-O 7. Nc3 c6 8. Rb1
Bg4 9. h3 Bxf3 10. Bxf3 Nbd7 11. b4 Qe7 12. Qb3 Rab8 13. a4 h6 14. Bd2 b6 15.
Qa3 a5 16. b5 c5 17. Bd5 Qd8 18. e4 Nxd5 19. Nxd5 f5 20. f3 Nf6 21. Nxf6+ Qxf6
22. Kg2 Qe6 23. Rbe1 f4 24. g4 Qe7 25. Re2 Kf7 26. Rh1 Bf6 27. Be1 h5 28. Kf1
Bh4 29. Qc1 Rh8 30. Rg2 Bxe1 31. Qxe1 h4 32. Re2 1/2-1/2

[Event "LII Festival A"]
[Site "Imperia ITA"]
[Date "2010.09.01"]
[Round "5"]
[White "Mirzoev, Azer"]
[Black "Payen, Arnaud"]
[WhiteElo "2541"]
[BlackElo "2372"]
[Result "1-0"]
[PlyCount "68"]
[EventDate "2010.08.29"]

1. d4 d5 2. c4 e6 3. Nc3 Nf6 4. Bg5 Be7 5. e3 O-O 6. Nf3 h6 7. Bxf6 Bxf6 8. Qb3
c6 9. O-O-O Nd7 10. h4 g6 11. e4 dxe4 12. Nxe4 Bg7 13. Qe3 Qa5 14. h5 g5 15.
Kb1 e5 16. d5 g4 17. Nfd2 f5 18. Nb3 Qd8 19. Nc3 c5 20. d6 b6 21. Nd5 Qg5 22.
Qe1 Rf7 23. f3 Bb7 24. Be2 Bxd5 25. Rxd5 Qf6 26. fxg4 e4 27. Qd2 e3 28. Qc2
fxg4 29. Bxg4 Ne5 30. Be2 Rd8 31. Rhd1 Rfd7 32. Rf1 Qg5 33. Qe4 Rxd6 34. Rf5
Rxd5 1-0

[Event "LII Festival A"]
[Site "Imperia ITA"]
[Date "2010.09.01"]
[Round "5"]
[White "Mitura, Vaclav"]
[Black "Poloch, Petr"]
[WhiteElo "2150"]
[BlackElo "2268"]
[Result "0-1"]
[PlyCount "58"]
[EventDate "2010.08.29"]

1. e4 c5 2. Nf3 d6 3. d4 Nf6 4. Nc3 cxd4 5. Nxd4 a6 6. Be2 Nbd7 7. O-O e6 8.
Nb3 b5 9. a3 Bb7 10. Bf3 Ne5 11. Bf4 Qc7 12. Nd2 Be7 13. Be2 O-O 14. Re1 Rfc8
15. Bf1 Rab8 16. h3 Nfd7 17. Nf3 Nb6 18. Bc1 Nbc4 19. Nxe5 dxe5 20. Nb1 Rd8 21.
Nd2 Rd7 22. Bd3 Rbd8 23. Qe2 Na5 24. Nf3 Nb3 25. Rb1 Nc5 26. Bd2 f5 27. b4 Nxe4
28. Red1 Nxd2 29. Nxd2 e4 0-1

[Event "LII Festival A"]
[Site "Imperia ITA"]
[Date "2010.09.01"]
[Round "5"]
[White "Morselli, Stefano"]
[Black "Tomassoni, Leonardo"]
[WhiteElo "1924"]
[BlackElo "1935"]
[Result "0-1"]
[PlyCount "82"]
[EventDate "2010.08.29"]

1. g3 Nf6 2. Bg2 c6 3. Nf3 d6 4. d4 g6 5. O-O Bg7 6. Nc3 O-O 7. e4 Qc7 8. Re1
e5 9. h3 Nbd7 10. Be3 Nb6 11. Qe2 Be6 12. b3 Qd7 13. dxe5 dxe5 14. Rad1 Qc7 15.
Rd2 Rad8 16. Red1 Nbd7 17. Ng5 Rfe8 18. Nxe6 Rxe6 19. Qc4 Rc8 20. h4 Re7 21.
Bh3 b5 22. Qe2 Rd8 23. Bc5 Ree8 24. Bd6 Qb6 25. g4 Nc5 26. Qe3 Ne6 27. g5 Nh5
28. Bxe6 fxe6 29. Bc5 Qc7 30. Bxa7 Rxd2 31. Rxd2 Nf4 32. Bb6 Qe7 33. Bc5 Qf7
34. Rd6 h6 35. Qd2 hxg5 36. Rd7 Qf6 37. Qd6 gxh4 38. Qxc6 Rd8 39. Be7 Nh3+ 40.
Kg2 Qxf2+ 41. Kxh3 Qg3# 0-1

[Event "LII Festival A"]
[Site "Imperia ITA"]
[Date "2010.09.01"]
[Round "5"]
[White "Pesce, Gabriele"]
[Black "Ingerl, Florian"]
[WhiteElo "2174"]
[BlackElo "1963"]
[Result "1-0"]
[PlyCount "55"]
[EventDate "2010.08.29"]

1. e4 c5 2. Nc3 Nc6 3. f4 g6 4. Nf3 Bg7 5. Bc4 d6 6. d3 e6 7. O-O Nge7 8. f5 d5
9. Bb3 c4 10. dxc4 dxe4 11. f6 Qxd1 12. Rxd1 Bxf6 13. Nxe4 Bg7 14. Nd6+ Kf8 15.
c5 Na5 16. c3 Nxb3 17. axb3 e5 18. Nxc8 Nxc8 19. Rd7 Bf6 20. Bh6+ Bg7 21. Bxg7+
Kxg7 22. Ng5 Rb8 23. Rf1 Re8 24. Rfxf7+ Kh6 25. h4 Kh5 26. Ne4 Kxh4 27. Rxh7+
Kg4 28. Nf6+ 1-0

[Event "LII Festival A"]
[Site "Imperia ITA"]
[Date "2010.09.01"]
[Round "5"]
[White "Pienabarca, Nicola"]
[Black "Del Dotto, Riccardo"]
[WhiteElo "2068"]
[BlackElo "2182"]
[Result "0-1"]
[PlyCount "50"]
[EventDate "2010.08.29"]

1. d4 d5 2. Nf3 c6 3. c4 Nf6 4. e3 Bg4 5. Qb3 Qb6 6. Ne5 Bf5 7. Nc3 e6 8. Be2
Be7 9. O-O h6 10. Qa4 Nbd7 11. Nxd7 Nxd7 12. c5 Qc7 13. b4 Bf6 14. f3 e5 15.
Qd1 O-O 16. Bb2 exd4 17. exd4 Qf4 18. Na4 Rfe8 19. Kh1 Qe3 20. Re1 Nf8 21. b5
Qf2 22. bxc6 bxc6 23. Bd3 Ng6 24. Rc1 Bg5 25. g4 Bf4 0-1

[Event "LII Festival A"]
[Site "Imperia ITA"]
[Date "2010.09.01"]
[Round "5"]
[White "Platino, Maurizio"]
[Black "Carosso, Andrea"]
[WhiteElo "1918"]
[BlackElo "2032"]
[Result "0-1"]
[PlyCount "130"]
[EventDate "2010.08.29"]

1. d4 d5 2. c4 c6 3. Nf3 Nf6 4. Nc3 a6 5. cxd5 cxd5 6. Bf4 Nc6 7. a3 Bf5 8. e3
e6 9. Bd3 Bxd3 10. Qxd3 Bd6 11. Bxd6 Qxd6 12. O-O O-O 13. b4 b5 14. Rfc1 Rfc8
15. Rc2 Nd7 16. Nd2 Nb6 17. Nb3 Nc4 18. Nc5 Rcb8 19. Nb3 Nxa3 20. Rcc1 Nxb4 21.
Qe2 Nc4 22. Na5 g6 23. g3 Nc6 24. Nxc6 Qxc6 25. Rcb1 Nd6 26. Rc1 Qb7 27. Rcb1
Qd7 28. h4 h5 29. g4 Qe7 30. gxh5 Qxh4 31. hxg6 Qg5+ 32. Kf1 Qxg6 33. Ke1 Rc8
34. Rc1 Qg1+ 35. Kd2 Nc4+ 36. Kc2 Qg6+ 37. Kb3 Kf8 38. Rg1 Qf6 39. f4 Qd8 40.
Qg4 Qc7 41. Qg7+ Ke7 42. Nxd5+ exd5 43. Qg5+ Ke8 44. Qg8+ Kd7 45. Qxf7+ Kc6 46.
Rg6+ Kb7 47. Qxd5+ Kb8 48. Qxa8+ Kxa8 49. Rgxa6+ Kb7 50. Ra7+ Kc6 51. Rxc7+
Rxc7 52. e4 Nd2+ 53. Kb4 Kb6 54. Re1 Rc4+ 55. Ka3 Rxd4 56. e5 Rxf4 57. Re2 Rf3+
58. Ka2 Nc4 59. e6 Ra3+ 60. Kb1 Ra8 61. e7 Re8 62. Kc2 Kc7 63. Kb3 Kd7 64. Kb4
Nd6 65. Kc5 Rxe7 0-1